01064 2200349 4500001002100000005001500021035002000036007000300056040001700059100002900076245010300105250001200208300003700220504003000257020002200287041000800309082001200317084001800329090002300347264004600370336002100416337003000437338002300467500003300490650001400523700004500537700003500582850001000617008004100627990002300668990002300691INLIS00000000000766820260602084717 a0010-0922000157ta aSBPUPADbInd0 aYekti MumpuniePengarang1 aCara Jitu Mengatasi Asma Pada Anak Dan Dewasa /cYekti Mumpuni, Ari Wulandari; Editor, Aldo Sahala a.-cet.1 avi,138 hlm :billus, ;c15x15 cm aBibliografi, hlm 133-134 a978-979-29-4054-107aInd a616.238 a616.238 YEK c a616.238 YEK c 18-1 a.--Yogyakarta; :bRapha Publishing,c2013 2rdacontentateks 2rdamediaatanpa perantara 2rdacarrieravolume aTentang penulis, hlm 135-137 4aKesehatan0 aPengarang Ke-2, Ari WulandariePengarang0 aEditor, Aldo SahalaePengarang aPUPAD260602 0  a22.788/B/KAPD/2016 a22.790/B/KAPD/2016